Sistema de documentación para museos / por Eduard Porta, Rosa M. Montserrat, Eulàlia Morral
Descripción Física:
84 p. : il. ; 30 cm
Materias:
Museografia
MARC
| LEADER | 00000nam a2200000Ia 4500 | ||
|---|---|---|---|
| 001 | 1335 | ||
| 003 | BGR | ||
| 005 | 20260324175612.0 | ||
| 008 | 160829s1982 xx 000 0 cat d | ||
| 080 | |a B-1-322 | ||
| 100 | |a Porta i Ferrés, Eduard |9 34788 | ||
| 245 | |a Sistema de documentación para museos / por Eduard Porta, Rosa M. Montserrat, Eulàlia Morral | ||
| 260 | |a Barcelona : |b Departament de Cultura de la Generalitat de Catalunya, |c 1982 | ||
| 300 | |a 84 p. : |b il. ; |c 30 cm | ||
| 590 | |a A la part superior de la portada, International Council of Museums | ||
| 650 | |a Museografia |9 34789 | ||
| 700 | |a Montserrat i Mestre, Rosa M. |9 34790 | ||
| 700 | |a Morral i Romeu, Eulàlia |9 34791 | ||
| 710 | 2 | |a Catalunya. |b Departament de Cultura |9 52819 | |
| 710 | 2 | |a International Council of Museums |9 71060 | |
| 901 | |a Arxiu | ||
| 942 | |n 1 |2 udc |c MON | ||
| 952 | |0 0 |1 0 |4 0 |6 B1322 |7 1 |9 46641 |a Arxiu |b Arxiu |d 2016-12-01 |l 0 |o B-1-322 |p 1335 |r 2016-12-01 00:00:00 |w 2016-12-01 |y ARXIU | ||
| 999 | |c 50434 |d 50434 | ||